| 000 | 00814nam a2200241Ia 4500 | ||
|---|---|---|---|
| 005 | 20170724122428.0 | ||
| 010 | _aBAC-EN21 ENG-111980 | ||
| 020 |
_a9781447221876 _c399.00 |
||
| 035 | _aEN-95512 | ||
| 035 | _aB-579899-919 | ||
| 035 | _aB-667311 | ||
| 037 |
_bAakar/Ven _adpl |
||
| 037 | _bDBAD/PUB | ||
| 082 | _aS | ||
| 100 | _aArcher, Jeffrey | ||
| 245 |
_aA twist in the tale / _cby Jeffrey Archer |
||
| 260 |
_c2014 _aLondon _bPan Macmillan |
||
| 270 |
_a20 New Wharf Road _bLondon _eN1 9RR |
||
| 300 |
_c20cm(pbk) _a285p. |
||
| 942 |
_cEN _2ddc _mARC _hS |
||
| 999 |
_c88792 _d88792 |
||